书目信息 |
| 题名: |
简易少儿古筝教程
|
|
| 作者: | 王红婷 编著 | |
| 分册: | ||
| 出版信息: | 北京 北京体育大学出版社 2020.9 |
|
| 页数: | 94页 | |
| 开本: | 30cm | |
| 丛书名: | ||
| 单 册: | ||
| 中图分类: | J632.326 , G613.5 | |
| 科图分类: | ||
| 主题词: | 筝--奏法--儿童教育--教材 , 教育--各级 | |
| 电子资源: | ||
| ISBN: | 978-7-5644-1921-9 | |
| 000 | 00993nam0 2200289 45 | |
| 001 | 012001002760 | |
| 005 | 20210923111942.28 | |
| 010 | @a978-7-5644-1921-9@dCNY28.80 | |
| 100 | @a20150920d2015 em y0chiy0110 ea | |
| 101 | 0 | @achi |
| 102 | @aCN@b110000 | |
| 105 | @aa z 000yy | |
| 106 | @ar | |
| 200 | 1 | @a简易少儿古筝教程@Ajian yi shao er gu zheng jiao cheng@e专注4~9岁启蒙@f王红婷编著 |
| 210 | @a北京@c北京体育大学出版社@d2020.9 | |
| 215 | @a94页@c图@d30cm | |
| 300 | @a其他题名:专注4-9岁启蒙 | |
| 314 | @a王红婷,女,毕业于中央音乐学院,青年古筝教育家。2015北京国际青少年音乐节评委等。 | |
| 330 | @a本书共分十五课,主要包括:认识绿弦、认识5的邻居、认识新朋友、中指和大指配合弹奏、小蝌蚪找家、中指和大指同时弹奏等内容。 | |
| 517 | 1 | @a专注49岁启蒙 |
| 606 | 0 | @a筝@x奏法@x儿童教育@j教材 |
| 606 | 0 | @a教育@x各级 |
| 690 | @aJ632.326@v5 | |
| 690 | @aG613.5@v3 | |
| 701 | 0 | @a王红婷@Awang hong ting@4编著 |
| 801 | @aCN@bAHXH@c20210922 | |
| 905 | @b1284268-72@dG613.5@e2266@f5 | |
| 简易少儿古筝教程:专注4~9岁启蒙/王红婷编著.-北京:北京体育大学出版社,2020.9 |
| 94页:图;30cm |
| 其他题名:专注4-9岁启蒙 |
| ISBN 978-7-5644-1921-9:CNY28.80 |
| 本书共分十五课,主要包括:认识绿弦、认识5的邻居、认识新朋友、中指和大指配合弹奏、小蝌蚪找家、中指和大指同时弹奏等内容。 |
| ● |
| 相关链接 |
|
|
|
|
正题名:简易少儿古筝教程
索取号:G613.5/2266
 
预约/预借
| 序号 | 登录号 | 条形码 | 馆藏地/架位号 | 状态 | 备注 |
| 1 | 1284268 | 212842682 | 第一样本阅览室/ [索取号:G613.5/2266] | 在馆 | |
| 2 | 1284269 | 212842691 | 教育系资料室/ [索取号:G613.5/2266] | 在馆 | |
| 3 | 1284270 | 212842708 | 教育系资料室/ [索取号:G613.5/2266] | 在馆 | |
| 4 | 1284271 | 212842717 | 第四借阅区/ [索取号:G613.5/2266] | 在馆 | |
| 5 | 1284272 | 212842726 | 第四借阅区/ [索取号:G613.5/2266] | 在馆 |